Statistics for Aot Titan Shifters

Click here to take the quiz!

General Stats

  • This quiz has been taken 181 times
  • The average score is 6 of 9

Answer Stats

HintAnswer% Correct
Attack TitanEren
99%
Beast TitanZeke
94%
Female TitanAnnie
88%
Armored TitanReiner
88%
Jaw TitanYmir
76%
Cart titanPieck
64%
Colossal TitanBertolt
40%
Warhammer TitanLara
28%
Founding TitanGrisha
25%

Score Distribution

Percentile by Number Answered

Percent of People with Each Score

Your Score History

You have not taken this quiz